| 000 | 00481nam a2200169 i 4500 | ||
|---|---|---|---|
| 001 | 42368 | ||
| 003 | ES-MaACL | ||
| 005 | 20230906160611.0 | ||
| 007 | t| | ||
| 008 | 030313s1965 sp ||||1| spa d | ||
| 100 | 1 |
_aCastresana, Luis de. _936806 |
|
| 245 | 1 | 0 |
_aInglaterra vista por los españoles / _cLuis de Caralt. |
| 250 | _a[1ª ed.]. | ||
| 260 |
_aBarcelona, etc. : _bPlaza & Janés, _c[1965] |
||
| 300 |
_a184 p., 4 lám. ; _c21 cm. |
||
| 852 |
_aES-MaACL _jF-2011 _bR.56821 |
||
| 999 |
_c42368 _d42368 |
||